[Event "AUTO-OPEN-1129"]
[Site "http://www.queenalice.com/game.php?id=511972"]
[Date "2008.12.24"]
[Round "3"]
[White "ronyjarod"]
[Black "MQueST"]
[Result "1-0"]
[WhiteElo "2492"]
[BlackElo "2268"]

1. e4 c5 2. Nf3 Nc6 3. d4 cxd4 4. Nxd4 e5 5. Nb5 d6 6. N1c3 a6 7. Na3 b5 8. Nd5
Nf6 9. c4 bxc4 10. Bg5 Be7 11. Nxe7 Qxe7 12. Nxc4 Nd4 13. Bd3 Bb7 14. O-O h6 15.
Bxf6 Qxf6 16. f4 exf4 17. Qd2 O-O 18. Rxf4 Qe7 19. Raf1 Bc6 20. Rg4 h5 21. Rg5
Bxe4 22. Bxe4 Qxe4 23. Nxd6 Qe7 24. Rd5 Nb5 25. Nf5 Qf6 26. Nxg7 Qb6+ 27. Kh1
Kxg7 28. Rg5+ Kh7 29. Qd3+ Kh6 30. Rxh5+ Kxh5 31. Qh7+ 1-0

[Event "QA-ANNIV-04"]
[Site "http://www.queenalice.com/game.php?id=514349"]
[Date "2008.12.29"]
[Round "4"]
[White "ronyjarod"]
[Black "AntonFleig"]
[Result "1-0"]
[WhiteElo "2493"]
[BlackElo "1986"]

1. e4 c5 2. Nf3 Nc6 3. d4 cxd4 4. Nxd4 Nf6 5. Nc3 e5 6. Ndb5 d6 7. Bg5 a6 8. Na3
Be6 9. Nc4 Nd4 10. Nd5 Bxd5 11. exd5 h6 12. Bxf6 Qxf6 13. c3 Nf5 14. Nb6 Rd8 15.
Qa4+ Ke7 16. Qc4 Ke8 17. Bd3 Nh4 18. g3 Nf3+ 19. Ke2 Ng5 20. f4 Nh3 21. Qa4+ Ke7
22. Rhf1 Rg8 23. fxe5 Qxe5+ 24. Kd2 f6 25. Rae1 Ng5 26. Bg6 Nf7 27. Qg4 Ng5 28.
h4 h5 29. Qf5 Rh8 30. hxg5 1-0

[Event "ClivetheBeard"]
[Site "http://www.queenalice.com/game.php?id=533404"]
[Date "2009.2.1"]
[Round "2"]
[White "ronyjarod"]
[Black "gbsalvio"]
[Result "1/2-1/2"]
[WhiteElo "2496"]
[BlackElo "2521"]

1. e4 Nf6 2. e5 Nd5 3. d4 d6 4. Nf3 g6 5. Bc4 Nb6 6. Bb3 Bg7 7. exd6 cxd6 8. O-O
O-O 9. Re1 Nc6 10. c3 Bf5 11. Bg5 h6 12. Bh4 Qc7 13. Nbd2 Rfe8 14. a4 Na5 15.
Ba2 e6 16. Bg3 Rac8 17. Ne4 Red8 18. h3 Bxe4 19. Rxe4 Nd5 20. Re1 Nc4 21. Qe2 a6
22. Bb1 Ne7 23. Bd3 Nd5 24. Rac1 Bf6 25. Be4 Kg7 26. Qc2 b5 27. axb5 axb5 28. h4
h5 29. Bd3 Be7 30. Qe2 Bf6 31. Ra1 Ra8 32. Qc2 Rdc8 33. Ng5 Bxg5 34. hxg5 Rxa1
35. Rxa1 Qd8 36. Qb3 Qxg5 37. Qxb5 1/2-1/2

[Event "AUTO-ELITE-227"]
[Site "http://www.queenalice.com/game.php?id=537633"]
[Date "2009.2.9"]
[Round "2"]
[White "Bergman"]
[Black "ronyjarod"]
[Result "1/2-1/2"]
[WhiteElo "2583"]
[BlackElo "2513"]

1. d4 d5 2. c4 c6 3. Nf3 Nf6 4. Nc3 e6 5. e3 Nbd7 6. Bd3 dxc4 7. Bxc4 b5 8. Bd3
Bb7 9. e4 b4 10. Na4 c5 11. e5 Nd5 12. O-O cxd4 13. Re1 g6 14. Bg5 Qa5 15. Nxd4
a6 16. a3 bxa3 17. bxa3 Bg7 18. Rb1 Rb8 19. Bd2 Qd8 20. f4 O-O 21. Be4 Re8 22.
Qc2 Bf8 23. Nc6 Bxc6 24. Qxc6 Bxa3 25. Bxd5 Rc8 26. Qxa6 Nc5 27. Qa5 Nxa4 28.
Bb7 Rc4 29. Qb5 Nc3 30. Bxc3 Rxc3 31. Red1 Qe7 32. g3 Rd8 33. Be4 Rxd1+ 34. Rxd1
Qa7+ 35. Kf1 Kg7 36. Rd2 Bc5 37. Rc2 Qa1+ 38. Kg2 Qg1+ 39. Kh3 Re3 40. Qc4 Bd4
41. Rc1 Qf2 42. Rf1 Qd2 43. Qc2 Qxc2 44. Bxc2 g5 45. fxg5 Rxe5 46. Rf4 Bg1 47.
Rf1 Bc5 48. Kg4 Re2 49. Bxh7 Rxh2 50. Bd3 Bd6 51. Be4 Ra2 52. Bc6 Ra7 53. Rf3
Rc7 54. Rc3 Rc8 55. Rc4 Be7 56. Rc3 Rb8 57. Rf3 Bc5 58. Rc3 Rb4+ 59. Kh5 Bd4 60.
Rf3 Bb2 61. Rf4 Rb8 62. Kg4 Be5 63. Re4 Rc8 64. Rxe5 Rxc6 65. Re4 Kg6 66. Rf4
Rc5 67. Rf6+ Kg7 68. Rf4 Re5 69. Rf2 Re1 70. Rf6 1/2-1/2

[Event "AUTO-ELITE-227"]
[Site "http://www.queenalice.com/game.php?id=537634"]
[Date "2009.2.9"]
[Round "2"]
[White "ronyjarod"]
[Black "Bergman"]
[Result "1-0"]
[WhiteElo "2497"]
[BlackElo "2564"]

1. e4 e5 2. Nf3 Nc6 3. Bb5 a6 4. Ba4 Nf6 5. O-O Be7 6. Re1 b5 7. Bb3 d6 8. c3
O-O 9. h3 Bb7 10. d4 Re8 11. Nbd2 Bf8 12. a4 h6 13. Bc2 exd4 14. cxd4 Nb4 15.
Bb1 c5 16. d5 Nd7 17. Ra3 c4 18. Ree3 Rc8 19. axb5 axb5 20. Nd4 Qb6 21. N2f3 Na6
22. Nf5 Nf6 23. N3h4 Kh8 24. b4 Re5 25. Qd2 g6 26. f4 Rxf5 27. exf5 Nxb4 28. Bb2
Nxd5 29. Bd4 Qc7 30. fxg6 Bg7 31. Rg3 Rf8 32. Nf5 h5 33. Nxg7 Kxg7 34. Be4 c3
35. gxf7+ Kxf7 36. Bxd5+ Bxd5 37. Raxc3 Bc4 38. Bxf6 Kxf6 39. Rce3 Rg8 40. Qb2+
Kf7 41. Rxg8 Kxg8 42. Rg3+ Kf8 43. Qh8+ Ke7 44. Rg7+ Bf7 45. Rxf7+ Kxf7 46. Qh7+
Ke6 47. Qxc7 1-0

[Event "Paz Universal"]
[Site "http://www.queenalice.com/game.php?id=546726"]
[Date "2009.2.26"]
[Round "3"]
[White "GM_Freitas"]
[Black "ronyjarod"]
[Result "0-1"]
[WhiteElo "2079"]
[BlackElo "2506"]

1. d4 Nf6 2. c4 e6 3. Nc3 Bb4 4. Bg5 h6 5. Bh4 c5 6. e3 cxd4 7. exd4 Nc6 8. Nf3
Qa5 9. Qc2 g5 10. Bg3 g4 11. d5 exd5 12. Be5 Nxe5 13. Nxe5 d4 14. Ng6 dxc3 15.
b3 fxg6 16. Qxg6+ Ke7 17. Qg7+ Ke6 18. O-O-O Qa3+ 19. Kc2 Qb2+ 20. Kd3 c2 0-1

[Event "Challenge"]
[Site "http://www.queenalice.com/game.php?id=553103"]
[Date "2009.3.9"]
[Round "-"]
[White "ronyjarod"]
[Black "PeterCamargo"]
[Result "1-0"]
[WhiteElo "2554"]
[BlackElo "2430"]

1. e4 c5 2. Nf3 d6 3. d4 cxd4 4. Nxd4 Nf6 5. Nc3 a6 6. Bg5 e6 7. f4 Qb6 8. Qd2
Qxb2 9. Rb1 Qa3 10. e5 dxe5 11. fxe5 Nfd7 12. Ne4 h6 13. Bh4 Qxa2 14. Rd1 Qd5
15. Qe3 Qxe5 16. Be2 Bc5 17. Bg3 Bxd4 18. Rxd4 Qa5+ 19. Rd2 O-O 20. Bd6 Rd8 21.
Qg3 Qf5 22. Be5 Qg6 23. Qh4 Nc6 24. Bh5 Qf5 25. Bxg7 Nc5 26. Nxc5 Kxg7 27. Rf1
Qe5+ 28. Ne4 Qa1+ 29. Rd1 Rxd1+ 30. Bxd1 Qe5 31. Rf6 Bd7 32. Qxh6+ Kg8 33. Rf4
f5 34. Rh4 Rd8 35. Rh3 Qxe4+ 36. Kf1 Qe5 37. Rg3+ Qxg3 38. hxg3 Be8 39. Qxe6+
Bf7 40. Qe1 Bd5 41. Qe3 Kf8 42. Bh5 Rd6 43. Qg5 b5 44. Qxf5+ Ke7 45. Qh7+ Kd8
46. g4 Rd7 47. Qh8+ Kc7 48. g5 Bc4+ 49. Kg1 1-0

[Event "AUTO-OPEN-1132"]
[Site "http://www.queenalice.com/game.php?id=555312"]
[Date "2009.3.13"]
[Round "3"]
[White "Pedro666"]
[Black "ronyjarod"]
[Result "0-1"]
[WhiteElo "2315"]
[BlackElo "2530"]

1. Nf3 Nf6 2. g3 d5 3. Bg2 c6 4. O-O Bg4 5. Ne5 Bh5 6. d4 Nbd7 7. c4 e6 8. b3
Nxe5 9. dxe5 Nd7 10. Bb2 dxc4 11. bxc4 Qc7 12. Bf3 Bg6 13. Qd4 Rd8 14. Bc3 h6
15. Nd2 Qxe5 16. Nb3 Qxd4 17. Bxd4 e5 18. Bc3 f6 19. Na5 Rb8 20. Rfd1 Ba3 21.
Rd2 Nc5 22. Rad1 O-O 23. Nb3 Na4 24. Ba1 Bb4 25. Rd7 Nb6 26. Rc7 Na8 27. Rcd7
Bf5 28. a3 Bxd7 29. axb4 Be6 30. Na5 Rfd8 31. Rc1 Nb6 32. Bb2 Na4 33. Ba3 Rd2
34. b5 cxb5 35. cxb5 Rc8 36. Rb1 Nc3 37. Ra1 e4 38. Bg2 Nxe2+ 39. Kh1 Bd5 0-1

[Event "AUTO-OPEN-1132"]
[Site "http://www.queenalice.com/game.php?id=555313"]
[Date "2009.3.13"]
[Round "3"]
[White "ronyjarod"]
[Black "Pedro666"]
[Result "1-0"]
[WhiteElo "2507"]
[BlackElo "2343"]

1. e4 Nf6 2. e5 Nd5 3. d4 d6 4. Nf3 Bg4 5. Be2 c6 6. c4 Nb6 7. Nbd2 dxe5 8. Nxe5
Bf5 9. Ndf3 f6 10. c5 N6d7 11. Nf7 Kxf7 12. Qb3+ Be6 13. Qxb7 Na6 14. Bxa6 Bd5
15. Bf4 e5 16. dxe5 Bxc5 17. O-O-O Re8 18. Rxd5 cxd5 19. Qxd5+ Kf8 20. Bc4 Nxe5
21. Qg8+ Ke7 22. Qxg7+ Kd6 23. Qb7 Rb8 24. Rd1+ Bd4 25. Rxd4+ Kc5 26. b4# 1-0

[Event "AUTO-ELITE-202"]
[Site "http://www.queenalice.com/game.php?id=566663"]
[Date "2009.4.4"]
[Round "2"]
[White "ronyjarod"]
[Black "patoche"]
[Result "1-0"]
[WhiteElo "2514"]
[BlackElo "2508"]

1. e4 Nc6 2. Nf3 e5 3. Bb5 a6 4. Ba4 Nf6 5. O-O Be7 6. Re1 b5 7. Bb3 O-O 8. h3
Bb7 9. d3 Na5 10. Nxe5 Nxb3 11. axb3 d5 12. exd5 Qxd5 13. Nf3 1-0

[Event "AUTO-ELITE-202"]
[Site "http://www.queenalice.com/game.php?id=566664"]
[Date "2009.4.4"]
[Round "2"]
[White "patoche"]
[Black "ronyjarod"]
[Result "0-1"]
[WhiteElo "2500"]
[BlackElo "2522"]

1. e4 c5 2. Nf3 d6 3. d4 cxd4 4. Nxd4 Nf6 5. Nc3 a6 6. Bg5 e6 7. f4 Qb6 8. Nb3
Be7 9. Qf3 Nbd7 10. Be2 Qc7 11. O-O-O h6 12. Bh4 b5 0-1

[Event "ClivetheBeard"]
[Site "http://www.queenalice.com/game.php?id=567592"]
[Date "2009.4.6"]
[Round "3"]
[White "EddieK"]
[Black "ronyjarod"]
[Result "0-1"]
[WhiteElo "1860"]
[BlackElo "2512"]

1. Nf3 Nf6 2. h3 d5 3. d4 c5 4. e3 e6 5. c4 Bd6 6. Nc3 O-O 7. dxc5 Bxc5 8. cxd5
exd5 9. Bd3 Nc6 10. O-O Qe7 11. a3 Ne5 12. Nxe5 Qxe5 13. Na4 Bd6 14. f4 Qe7 0-1

[Event "QA-ANNIV-04"]
[Site "http://www.queenalice.com/game.php?id=578110"]
[Date "2009.4.26"]
[Round "5"]
[White "headhunter"]
[Black "ronyjarod"]
[Result "0-1"]
[WhiteElo "2423"]
[BlackElo "2548"]

1. e4 c5 2. Nf3 d6 3. d4 cxd4 4. Nxd4 Nf6 5. Nc3 a6 6. f3 e5 7. Nb3 Be6 8. Be3
Be7 9. Qd2 O-O 10. O-O-O Nbd7 11. g4 b5 12. g5 Nh5 13. Kb1 Qc7 14. Nd5 Bxd5 15.
exd5 f5 16. gxf6 Rxf6 17. Na5 Bd8 18. Nc6 Nf4 19. c4 bxc4 20. Bxc4 Qb7 21. Nxd8
Rxd8 22. Qa5 Ra8 23. Rhg1 Nf8 24. Rc1 N8g6 25. Rc3 Qc8 26. Qb6 a5 27. Rgc1 Qh3
28. Bg1 Qh6 29. Ba6 Ne7 30. Qb7 Raf8 31. Bc4 Nf5 32. Qa7 Nh3 33. Bb6 Ng5 34. Bb5
Qxh2 35. Qxa5 Qf4 36. Be2 Nd4 37. Bxd4 exd4 38. Rd3 h5 39. Qb4 h4 40. Qxd4 Re8
41. Rc2 h3 42. Qxf4 Rxf4 43. Kc1 Ref8 44. Rcc3 Kh7 45. b3 Kg6 46. a4 Re8 47. Kd2
Kh5 48. Rc1 Kh4 49. Re3 Rd4+ 50. Bd3 Rf8 51. f4 Rdxf4 52. Rh1 Nf3+ 53. Kc3 Rc8+
54. Kb2 g5 55. Re6 Rh8 56. Rxd6 g4 57. Rc6 Ne5 58. Rc3 Rf2+ 0-1

[Event "ClivetheBeard"]
[Site "http://www.queenalice.com/game.php?id=598012"]
[Date "2009.6.3"]
[Round "4"]
[White "ronyjarod"]
[Black "Carlos75"]
[Result "1-0"]
[WhiteElo "2535"]
[BlackElo "2498"]

1. e4 e5 2. Nf3 Nc6 3. Bb5 a6 4. Ba4 Nf6 5. O-O Be7 6. Re1 d6 7. c3 Bg4 8. d3
O-O 9. Nbd2 b5 10. Bb3 a5 11. h3 1-0

[Event "Challenge"]
[Site "http://www.queenalice.com/game.php?id=601854"]
[Date "2009.6.11"]
[Round "-"]
[White "zegan13"]
[Black "ronyjarod"]
[Result "0-1"]
[WhiteElo "2170"]
[BlackElo "2534"]

1. e4 c5 2. Nf3 d6 3. d4 cxd4 4. Nxd4 Nf6 5. Nc3 a6 6. Bc4 g6 7. f3 Bg7 8. Be3
O-O 9. Qd2 Nc6 10. O-O-O Bd7 11. h4 b5 12. Bb3 Na5 13. h5 Nxb3+ 14. Nxb3 a5 0-1

[Event "CesarLMarques"]
[Site "http://www.queenalice.com/game.php?id=621247"]
[Date "2009.7.19"]
[Round "2"]
[White "ronyjarod"]
[Black "modestyblase"]
[Result "1-0"]
[WhiteElo "2561"]
[BlackElo "2363"]

1. e4 c5 2. Nf3 d6 3. d4 cxd4 4. Nxd4 Nf6 5. Nc3 a6 6. f3 e5 7. Nb3 Be6 8. Be3
Be7 9. Qd2 h5 10. Nd5 Nxd5 11. exd5 Bf5 12. Na5 Nd7 13. Be2 Qc7 14. O-O O-O 15.
c4 Bf6 16. Rac1 b6 17. Nc6 Nb8 18. f4 Nxc6 19. fxe5 Nxe5 20. Rxf5 Rfe8 21. Rxh5
Ng6 22. b3 Re5 23. Rxe5 Nxe5 24. Bf2 Re8 25. g3 Qd8 26. h4 Be7 27. Kg2 Qb8 28.
Re1 Bf8 29. h5 Qd8 30. a4 a5 31. Bd1 Nd7 32. Rxe8 Qxe8 33. Qf4 Qe5 34. Qxe5 dxe5
35. Kf3 f6 36. Ke4 Kf7 37. g4 Bc5 38. Bh4 Bd4 39. Kf5 Nc5 40. g5 fxg5 41. Bg3
1-0

[Event "QA-ANNIV-04"]
[Site "http://www.queenalice.com/game.php?id=644242"]
[Date "2009.8.29"]
[Round "6"]
[White "Cthulhu"]
[Black "ronyjarod"]
[Result "1-0"]
[WhiteElo "2589"]
[BlackElo "2565"]

1. d4 d5 2. c4 e6 3. Nf3 c6 4. Nc3 dxc4 5. e3 b5 6. a4 Bb4 7. Bd2 Bb7 8. b3 a5
9. axb5 cxb3 10. Qxb3 Nf6 11. Be2 O-O 12. O-O Nbd7 13. bxc6 Bxc6 14. Rfc1 Rb8
15. Qa2 Qe7 16. Ne1 e5 17. Nc2 exd4 18. Nxd4 Rfc8 19. Ba6 Rc7 20. Bf1 Bb7 21.
Ncb5 Rxc1 22. Rxc1 g6 23. Rc7 Ne8 24. Nc6 Bxc6 25. Rxc6 Ne5 26. Rc2 Nd6 27. Nxd6
Qxd6 28. h3 Qe6 29. Qb1 Qd6 30. Qc1 Ra8 31. Qb2 Qe7 32. Qb1 h5 33. Bc3 Bxc3 34.
Rxc3 a4 35. Qe4 1-0

[Event "ClivetheBeard"]
[Site "http://www.queenalice.com/game.php?id=648008"]
[Date "2009.9.5"]
[Round "5"]
[White "JimMorrisson"]
[Black "ronyjarod"]
[Result "0-1"]
[WhiteElo "2167"]
[BlackElo "2560"]

1. e4 c6 2. d4 d5 3. Nc3 dxe4 4. Nxe4 Nd7 5. Nf3 Ngf6 6. Ng3 e6 7. Bd3 c5 8. O-O
Be7 9. c3 O-O 10. Ne5 cxd4 11. cxd4 Nd5 12. Re1 Nb4 13. Be4 f5 14. Bb1 Nxe5 15.
dxe5 Nc6 16. f4 Qb6+ 17. Kh1 Rd8 18. Qe2 Nd4 19. Qf2 Nb3 20. Be3 Qa5 21. axb3
Qxa1 22. Bxf5 Rd1 23. Bxh7+ Kh8 24. Bd2 Rxe1+ 25. Bxe1 Kxh7 0-1

[Event "Paz Universal"]
[Site "http://www.queenalice.com/game.php?id=686322"]
[Date "2009.11.20"]
[Round "5"]
[White "Greeley"]
[Black "ronyjarod"]
[Result "0-1"]
[WhiteElo "2024"]
[BlackElo "2557"]

1. e4 c5 2. Nf3 d6 3. d4 cxd4 4. Nxd4 Nf6 5. Nc3 a6 6. g3 e5 7. Nde2 Nbd7 8. a4
b6 9. Bg2 Bb7 10. h3 h5 11. Bg5 Be7 12. Bxf6 Nxf6 13. Qd3 h4 14. O-O hxg3 15.
fxg3 Rc8 16. Rac1 Qd7 17. Rcd1 Rxh3 18. Nd5 Bxd5 19. exd5 Rh6 20. Nc3 b5 21.
axb5 Qa7+ 0-1

[Event "CesarLMarques"]
[Site "http://www.queenalice.com/game.php?id=718970"]
[Date "2010.1.23"]
[Round "3"]
[White "pickles"]
[Black "ronyjarod"]
[Result "0-1"]
[WhiteElo "2442"]
[BlackElo "2558"]

1. e4 c5 2. Nf3 d6 3. d4 cxd4 4. Nxd4 Nf6 5. Nc3 a6 6. h3 e5 7. Nde2 Be6 8. g4
Be7 9. Bg2 h6 10. O-O O-O 11. Ng3 Nbd7 12. Nf5 Nb6 13. b3 Bxf5 14. gxf5 Nbd7 15.
Re1 b5 16. a3 Qb6 17. Re3 Qb7 18. Qe2 Rac8 19. Rg3 Kh8 20. Bb2 Rc6 21. Rd1 Rfc8
22. Rd2 b4 23. axb4 Qxb4 24. Na4 Nh5 25. Qxh5 Qxd2 26. Qxf7 Bg5 27. h4 Bf6 28.
Qxd7 R6c7 29. Qe6 Rxc2 30. Kh2 Qxf2 31. Bc3 Rg8 32. Qxd6 Bxh4 33. Rg4 Bf6 34.
Qd3 Rd8 35. Qg3 Qf1 36. Qe1 Qf3 37. Qg3 Qd1 38. Qh3 Rc1 39. Bf3 Qxb3 40. Rg6
Qc2+ 41. Bg2 Qd1 42. Rxh6+ gxh6 43. Qxh6+ Kg8 44. Qg6+ Bg7 45. Bxe5 Qg1+ 46. Kg3
Qe3+ 47. Kh4 Qh6+ 0-1

[Event "CesarLMarques"]
[Site "http://www.queenalice.com/game.php?id=790396"]
[Date "2010.6.15"]
[Round "4"]
[White "ronyjarod"]
[Black "agmac"]
[Result "1-0"]
[WhiteElo "2564"]
[BlackElo "2347"]

1. e4 e5 2. Nf3 Nc6 3. Bb5 a6 4. Ba4 Nf6 5. O-O Be7 6. Re1 b5 7. Bb3 d6 8. c3
O-O 9. h3 Bb7 10. d4 Re8 11. Nbd2 Bf8 12. a4 h6 13. Bc2 exd4 14. cxd4 Nb4 15.
Bb1 c5 16. d5 Nd7 17. Ra3 c4 18. Ree3 Nc5 19. b3 c3 20. Rxc3 f5 21. axb5 axb5
22. Rxa8 Qxa8 23. Nd4 fxe4 24. Rg3 Bxd5 25. Nf5 Ncd3 26. Nxh6+ Kh8 27. Nf5 Kg8
28. Qh5 Re6 29. Bb2 1-0

[Event "CesarLMarques"]
[Site "http://www.queenalice.com/game.php?id=852695"]
[Date "2010.10.31"]
[Round "5"]
[White "mds"]
[Black "ronyjarod"]
[Result "0-1"]
[WhiteElo "2386"]
[BlackElo "2568"]

1. Nf3 d5 2. g3 Nc6 3. Bg2 e5 4. d3 Nf6 5. O-O Be7 6. Nc3 O-O 7. Bg5 d4 8. Bxf6
Bxf6 9. Ne4 Be7 10. e3 f5 11. Ned2 dxe3 12. fxe3 Be6 13. Kh1 Qd7 14. a3 Rad8 15.
Qe2 g5 16. Rad1 g4 17. Ne1 h5 18. h4 Rde8 19. Qf2 Kg7 20. c3 Qd8 21. Qe2 Bd6 22.
Bxc6 bxc6 23. Ng2 f4 24. exf4 exf4 25. gxf4 Bb3 26. Ne4 Bxd1 27. Qxd1 Qd7 28. b4
a5 29. Ng3 Qf7 0-1